Duettina piano 4 ms /
Uložené v:
| Hlavný autor: | |
|---|---|
| Médium: | Kniha |
| Jazyk: | Czech |
| Vydané: |
Praha :
Supraphon,
1977.
|
| Vydanie: | 1. vyd. |
| ISBN: |
(brož.) |
| Fyzický popis: |
15 s. |
| Tagy: |
Pridať tag
Žiadne tagy, Buďte prvý kto otaguje tento záznam!
|
Titul je dostupný aj v ... 

MARC
| LEADER | 00000nam a2200000 a 4500 | ||
|---|---|---|---|
| 001 | 000108071 | ||
| 005 | 20100818220815.0 | ||
| 008 | 040101s1977 e czeo | ||
| 020 | |a (brož.) |c Kčs 6,50 | ||
| 040 | |a SVKKK |b slo |c SVKKK |e AACR2 | ||
| 041 | 0 | |a cze | |
| 044 | |a xr | ||
| 100 | 1 | |a Lejsek, Vlastimil, |d 1927-2010. |4 cmp | |
| 245 | 1 | 0 | |a Duettina |h hudobnina |b piano 4 ms / |c Vlastimil Lejsek. |
| 250 | |a 1. vyd. | ||
| 260 | |a Praha : |b Supraphon, |c 1977. | ||
| 300 | |a 15 s. | ||
| 910 | |a svkkk | ||
| 998 | |a MU | ||
| 090 | |g SCKHL |k Sklad Pribinova 3. posch. |a V.99849 |j 558801 |i 2721196282 |s Povinný výt. | ||